Control systems engineering / (Record no. 19061)

MARC details
000 -LEADER
fixed length control field 00989nam a22002658a 4500
005 - DATE AND TIME OF LATEST TRANSACTION
control field 20070806135819.0
008 - FIXED-LENGTH DATA ELEMENTS--GENERAL INFORMATION
fixed length control field 070802s2008 nyu b 001 0 eng
010 ## - LCCN (DPL NO)
LC control number ENG-91799
020 ## - INTERNATIONAL STANDARD BOOK NUMBER
International Standard Book Number 9788182091641
Terms of availability 300.00
020 ## - INTERNATIONAL STANDARD BOOK NUMBER
International Standard Book Number 8182091640
Terms of availability 300.00
035 ## - SYSTEM CONTROL NUMBER
System control number EN-75332
037 ## - SOURCE OF ACQUISITION
Source of stock number/acquisition DBAD / VEN
040 ## - CATALOGING SOURCE
Original cataloging agency dpl
Language of cataloging English
082 ## - DEWEY DECIMAL CLASSIFICATION NUMBER
Classification number 629.8
100 ## - MAIN ENTRY--PERSONAL NAME
Personal name Palani, S.
245 ## - TITLE STATEMENT
Title Control systems engineering /
Statement of responsibility, etc by S. Palani
260 ## - PUBLICATION, DISTRIBUTION, ETC. (IMPRINT)
Place of publication, distribution, etc Chennai
Name of publisher, distributor, etc Vijay Nicole Imprints
Date of publication, distribution, etc 2008.
300 ## - PHYSICAL DESCRIPTION
Extent Various pagings
Dimensions 25cm (pbk)
500 ## - GENERAL NOTE
General note Includes index.
650 ## - SUBJECT ADDED ENTRY--TOPICAL TERM
Topical term or geographic name as entry element Automatic control
650 ## - SUBJECT ADDED ENTRY--TOPICAL TERM
Topical term or geographic name as entry element Systems engineering
942 ## - ADDED ENTRY ELEMENTS (KOHA)
Source of classification or shelving scheme Dewey Decimal Classification
Item type English Books
Call number suffix PAL
Classification part 629.8
Holdings
Withdrawn status Lost status Source of classification or shelving scheme Damaged status Not for loan Collection code Home library Current library Date acquired Source of acquisition Cost, normal purchase price Total Checkouts Full call number Barcode Date last seen Copy number Cost, replacement price Koha item type
    Dewey Decimal Classification   Not For Loan Non-fiction D.B.Act.Division D.B.Act.Division 25/11/2008 DBAD / PUB 300.00   629.8 PAL EN-75332 25/11/2008 1 300.00 English Books

© Delhi Public Library
Hit Counter
free hit counter